000 00751nam a2200265Ia 4500
003 OSt
005 20220918164852.0
006 a|||||r|||| 00| 0
007 ta
008 220917b |||||||| |||| 00| 0 eng d
020 _a0803955618 (pbk)
024 _a42,063
037 _cTextual
040 _aARTS
_cARTS
_beng
041 _2eng
_aeng
082 _aS:65, N5
100 _aSkinner Ellen A.
_921362
245 0 _aPerceived control, motivation, and coping
260 _aCalifornia
_bSage Publication
_c1995
300 _axviii,213p.
_ccm.
490 _aSage series on individual differences and development; 8
650 _aLINGUISTICS
942 _hS:65, N5
_cTEXL
_2CC
999 _c127107
_d127107